<?xml version="1.0" encoding="UTF-8"?>
<record
    xmlns:xsi="http://www.w3.org/2001/XMLSchema-instance"
    xsi:schemaLocation="http://www.loc.gov/MARC21/slim http://www.loc.gov/standards/marcxml/schema/MARC21slim.xsd"
    xmlns="http://www.loc.gov/MARC21/slim">

  <leader>01541    a2200253   4500</leader>
  <controlfield tag="003">NUST</controlfield>
  <controlfield tag="005">20221206134442.0</controlfield>
  <datafield tag="010" ind1=" " ind2=" ">
    <subfield code="a">   78011370 </subfield>
  </datafield>
  <datafield tag="020" ind1=" " ind2=" ">
    <subfield code="a">0470265671</subfield>
  </datafield>
  <datafield tag="040" ind1=" " ind2=" ">
    <subfield code="c">Nust</subfield>
  </datafield>
  <datafield tag="082" ind1="0" ind2="0">
    <subfield code="a">156.315,MEC</subfield>
  </datafield>
  <datafield tag="245" ind1="0" ind2="0">
    <subfield code="a">Mechanisms of learning and motivation :</subfield>
    <subfield code="b">a memorial volume to Jerzy Konorski /</subfield>
    <subfield code="c">edited by Anthony Dickinson, Robert A. Boakes.</subfield>
  </datafield>
  <datafield tag="260" ind1=" " ind2=" ">
    <subfield code="a">Hillsdale, N.J. :</subfield>
    <subfield code="b">L. Erlbaum Associates ;</subfield>
    <subfield code="a">New York :</subfield>
    <subfield code="b">distributed by Halsted Press Division of Wiley,</subfield>
    <subfield code="c">1979.</subfield>
  </datafield>
  <datafield tag="300" ind1=" " ind2=" ">
    <subfield code="a">xiii, 468 p. :</subfield>
    <subfield code="b">ill. ;</subfield>
    <subfield code="c">24 cm.</subfield>
  </datafield>
  <datafield tag="505" ind1=" " ind2=" ">
    <subfield code="a">Jerzy Konorski  and Western Psychology (Page-1), Classical Conditioning as the Formation Interstimulus Association Stimulus Substitution  Parasitic Reinforcement and Auto shaping (Page-19), Habituations and Memory (Page-53), Condition Inhibition and Fxtinction (Page-83), Brain Processes and Conditioning  Motivational Processes (Page-171), Appetitive Aversive nitration and Inhibitory  Processes (Page-203), Interactions Between type I and Type II Processes Involving Positive Reinforcements (Page-233), Selective Associations (Page-367), Constraints of Conditioning in the Writings of Konorski (Page-399), Cognitive Processes in Conditioning (Page-417).</subfield>
  </datafield>
  <datafield tag="600" ind1="1" ind2="0">
    <subfield code="a">Konorski, Jerzy.</subfield>
    <subfield code="9">104268</subfield>
  </datafield>
  <datafield tag="650" ind1=" " ind2="0">
    <subfield code="a">Learning in animals.</subfield>
    <subfield code="9">104269</subfield>
  </datafield>
  <datafield tag="650" ind1=" " ind2="0">
    <subfield code="a">Learning, Psychology of.</subfield>
    <subfield code="9">4128</subfield>
  </datafield>
  <datafield tag="650" ind1=" " ind2="0">
    <subfield code="a">Motivation (Psychology)</subfield>
    <subfield code="9">95246</subfield>
  </datafield>
  <datafield tag="700" ind1="1" ind2=" ">
    <subfield code="a">Boakes, Robert A.</subfield>
    <subfield code="9">104270</subfield>
  </datafield>
  <datafield tag="700" ind1="1" ind2=" ">
    <subfield code="a">Dickinson, Anthony.</subfield>
    <subfield code="9">104271</subfield>
  </datafield>
  <datafield tag="700" ind1="1" ind2=" ">
    <subfield code="a">Konorski, Jerzy.</subfield>
    <subfield code="9">104268</subfield>
  </datafield>
  <datafield tag="942" ind1=" " ind2=" ">
    <subfield code="2">ddc</subfield>
    <subfield code="c">BK</subfield>
    <subfield code="k">156.315,MEC</subfield>
  </datafield>
  <datafield tag="999" ind1=" " ind2=" ">
    <subfield code="c">193770</subfield>
    <subfield code="d">193770</subfield>
  </datafield>
  <datafield tag="952" ind1=" " ind2=" ">
    <subfield code="0">0</subfield>
    <subfield code="1">0</subfield>
    <subfield code="2">ddc</subfield>
    <subfield code="4">0</subfield>
    <subfield code="7">0</subfield>
    <subfield code="a">MCS</subfield>
    <subfield code="b">MCS</subfield>
    <subfield code="c">GEN</subfield>
    <subfield code="d">2016-12-12</subfield>
    <subfield code="o">156.315,MEC</subfield>
    <subfield code="p">MCS21860</subfield>
    <subfield code="r">2016-12-08</subfield>
    <subfield code="w">2016-12-12</subfield>
    <subfield code="y">BK</subfield>
    <subfield code="z">Almirah No.46, Shelf No.4</subfield>
  </datafield>
</record>
